Score 0/10 Timer 01:00
2 Plays Today
% Correct
Susan Sarandon
86.4%
Tim Curry
86.1%
Meat Loaf
76.1%
Barry Bostwick
72.5%
Patricia Quinn
70.6%
'Little Nell' Campbell
63%
Richard O'Brien
60.4%
Charles Gray
48.7%
Peter Hinwood
45.5%
Jonathan Adams
41.1%

Today's Daily Dose

Missing Word
Movies EA - EZ

Word Ladder
Bedtime!

You're not logged in!

Compare scores with friends on all Sporcle quizzes.
OR
Log In

Sporcle TV

Today on Sporcle TV


Watch our educational content, quiz creation guides, and fun videos on Sporcle TV.

Show Comments

Extras

Top Quizzes Today


Score Distribution

Paid Content

Your Account Isn't Verified!

In order to create a playlist on Sporcle, you need to verify the email address you used during registration. Go to your Sporcle Settings to finish the process.

Report this User

Report this user for behavior that violates our Community Guidelines.

Details: